000 00730nam a2200205Ii 4500
003 JO-AjNU
008 230605s9999||||xx |||||||||||||| ||und||
040 _aJO-AjNU
_bara
_erda
_cJO-AjNU
041 _aara
050 1 4 _aPQ2065 .P312 1982
100 3 _aبيير، برناردين دي سان؛ ترجمة مصطفى لطفي المنفلوطي,
_eauthor
_920103
245 0 0 _aالفضيلة أو بول وفرجينى
264 3 1 _aبيروت: دار الثقافة، 1982
300 _a192ص
336 _atext
_btxt
_2rdacontent
337 _aunmediated
_bn
_2rdamedia
338 _avolume
_bnc
_2rdacarrier
490 0 _aمؤلفات مصطفى لطفي المنفلوطي
650 4 _aالقصص الفرنسية
_920104
999 _aA6755
_c10323
_d10323